Jesús entre judíos, cristianos y musulmanes hispanos . siglos VI - XVII

Сохранить в:
Библиографические подробности
Главный автор: Epalza, Míkel de (Автор)
Формат:
Язык:испанский
Опубликовано: Granada Universidad de Granada 1999
Серии:Biblioteca Chronica Nova de Estudios Históricos, 59
Предметы:
Метки: Добавить метку
Нет меток, Требуется 1-ая метка записи!

MARC

LEADER 00000nam a2200000 a 4500
001 UCI5559
003 CL-VaPUC
008 080404e19990000SP |||||||||||||||||spa|d
020 |a 8433825070 
082 0 4 |a 232  |b EPA  |2 21 
100 0 |a Epalza, Míkel de  |e author  |9 528010 
245 1 0 |a Jesús entre judíos, cristianos y musulmanes hispanos . siglos VI - XVII 
300 |a 290 p 
942 |c BK 
945 |d 20080404 00:00:00  |a rbrito 
260 |a Granada  |b Universidad de Granada  |c 1999 
600 0 |a Jesucristo  |9 481811 
650 0 |a Cristología   |9 315091 
650 0 |a Cristianismo  |9 257361 
650 0 |a Judíos  |9 313771 
650 0 |a Musulmanes  |9 332296 
583 |a last modification  |c 20080404 00:00:00  |k Rodrigo Vera 
490 0 |a Biblioteca Chronica Nova de Estudios Históricos, 59 
999 |c 329299  |d 329297 
952 |0 0  |1 0  |4 0  |6 232_000000000000000_EPA_1999  |7 0  |8 A  |9 413682  |a BIBHIS  |b BIBHIS  |d 2019-11-22  |i 4424131  |o 232 EPA 1999  |p 4424131  |r 2025-01-20  |w 2019-11-22  |y BK  |k HIS